| 000 | 01082 a2200241 4500 | ||
|---|---|---|---|
| 003 | Nust | ||
| 005 | 20230907124828.0 | ||
| 010 | _a 2009025662 | ||
| 020 | _c0136019692 | ||
| 020 | _c9780136019695 | ||
| 040 | _cNust | ||
| 082 | 0 | 0 | _a629.83,FRA |
| 100 | 1 |
_aFranklin, Gene F. _991744 |
|
| 245 | 1 | 0 |
_aFeedback control of dynamic systems / _cGene Franklin, J. David Powell, Abbas Emami-Naeini. |
| 250 | _a6th ed. | ||
| 260 |
_aUpper Saddle River, NJ : _bPearson Prentice Hall, _c2010. |
||
| 300 | _ap. cm. | ||
| 505 | _aAn Overview and Brief History of Feedback Control (Page-1), Dynamic Models (Page-20), Dynamic Response (Page-74), A First Analysis of Feedback (Page-170), The Root-Locus Design Method (Page- 220), The Frequency-Response Design Method (Page-296), State-Space Design (Page-413), Digital Control (Page-558), Nonlinear Systems (Page-599), Control System Design: Principles and Case Studies (Page-660), | ||
| 650 | 0 | _aTelecommunication Engineering | |
| 700 | 1 |
_aEmami-Naeini, Abbas. _999439 |
|
| 700 | 1 |
_aPowell, J. David, _d1938- _999440 |
|
| 942 |
_2ddc _cREF |
||
| 999 |
_c179029 _d179029 |
||